Caracterización de la biodiversidad de dos áreas del borde del Parque Municipal Campo Alegre, Risaralda (Registro nro. 6533)

Detalles MARC
000 -CABECERA
Campo de control 02161nam a2200361 a 4500
005 - FECHA Y HORA DE LA ULTIMA TRANSACCION
Campo de control 20180803165400.0
008 - ELEMENTOS DE LONGITUD FIJA—INFORMACION GENERAL
Campo de control 140129b2007 ck ||||| |||| 00| 0 spa d
040 ## - FUENTE DE CATALOGACIÓN
Agencia transcriptora CO-BoIH
041 ## - IDIOMA
Código de idioma para texto/pista de sonido o título separado Español
044 ## - PAÍS DE PUBLICACIÓN
País de publicación Colombia
090 ## - CLASIFICACIÓN LOCAL
Colección IAVH
Consecutivo 01054
100 ## - ASIENTO PRINCIPAL--NOMBRE PERSONAL
Nombre personal Cordoba, Sergio
245 ## - MENCION DE TITULO
Título Caracterización de la biodiversidad de dos áreas del borde del Parque Municipal Campo Alegre, Risaralda
260 ## - PUBLICACION, DISTRIBUCION, ETC. (PIE DE IMPRENTA)
Lugar de publicación, distribución, etc. Bogotá
Nombre del editor, distribuidor, etc. Instituto Alexander von Humboldt
Fecha de publicación, distribución, etc. 2007
300 ## - DESCRIPCION FISICA
Extensión 85 p.
520 ## - NOTA DE RESUMEN, ETC.
Nota de resumen Con el objetivo de aportar al conocimiento de la diversidad biológica de grupos taxonómicos (aves, plantas e insectos), se realizó la caracterización rápida de dos sitios del parque municipal Campoalegre, área protegida perteneciente al sistema de áreas protegidas del departamento de Risaralda, localizada en la vertiente occidentarl de la cordillera central, municipio de Santa Rosa de Cabal. Los resultados de esta caracterización se exponen en siete capítulos: el primero expone aspectos del contexto de la importancia de la biodiversidad en región de los Andes y su problemática asociada a la conservación y uso; el capítulo 2 realiza una breve reseña del área de estudio; el capítulo 3 presenta el contexto físico y los resultados de las observaciones de campo de los lugares muestreados. De los capítulo 4 al 7 se presentan los resultados de los inventarios de aves, plantas (leñosas y Rubiaceae y Melostamataceae) en cada sitio de muestreo. El último capítulo expone las conclusiones y recomendaciones.
650 ## - ASIENTO SECUNDARIO DE MATERIA - TERMINO TEMATICO
Término temático o nombre geográfico como elemento de entrada Inventarios
650 ## - ASIENTO SECUNDARIO DE MATERIA - TERMINO TEMATICO
Término temático o nombre geográfico como elemento de entrada Caracterizacion de biodiversidad
650 ## - ASIENTO SECUNDARIO DE MATERIA - TERMINO TEMATICO
Término temático o nombre geográfico como elemento de entrada Aves
650 ## - ASIENTO SECUNDARIO DE MATERIA - TERMINO TEMATICO
Término temático o nombre geográfico como elemento de entrada Plantas
650 ## - ASIENTO SECUNDARIO DE MATERIA - TERMINO TEMATICO
Término temático o nombre geográfico como elemento de entrada Insectos
650 ## - ASIENTO SECUNDARIO DE MATERIA - TERMINO TEMATICO
Término temático o nombre geográfico como elemento de entrada Escarabajos coprófagos
650 ## - ASIENTO SECUNDARIO DE MATERIA - TERMINO TEMATICO
Término temático o nombre geográfico como elemento de entrada Hormigas
650 ## - ASIENTO SECUNDARIO DE MATERIA - TERMINO TEMATICO
Término temático o nombre geográfico como elemento de entrada Mariposas
662 ## - ASIENTO SECUNDARIO DE MATERIA - JERARQUIA DEL NOMBRE DE LUGAR(
País o entidad mayor Colombia
Jurisdicción política intermedia Parque Municipal Natural Campoalegre
Jurisdicción política de primer orden Risaralda
700 ## - ASIENTO SECUNDARIO - NOMBRE PERSONAL
Nombre personal Echeverry, María Angela
700 ## - ASIENTO SECUNDARIO - NOMBRE PERSONAL
Nombre personal Ospina, Mónica
700 ## - ASIENTO SECUNDARIO - NOMBRE PERSONAL
Nombre personal Prieto, Adriana
700 ## - ASIENTO SECUNDARIO - NOMBRE PERSONAL
Nombre personal Suárez, Stella
700 ## - ASIENTO SECUNDARIO - NOMBRE PERSONAL
Nombre personal Umaña, Ana María
700 ## - ASIENTO SECUNDARIO - NOMBRE PERSONAL
Nombre personal Villarreal , Hector
942 ## - ELEMENTOS ADICIONALES (KOHA)
Tipo de ítem Informe Técnico
Sistema de clasificación Local
Koha issues (borrowed), all copies 1
Existencias
Withdrawn status Lost status Sistema de Clasificación Damaged status No para préstamo Colección Inventariado Ubicación Permanente Ubicación actual Fecha de adquisición Total Checkouts Número topográfico Inventario / Código de Barras Date last seen Date checked out Ejemplar Price effective from Forma de adquisición Tipo de material
    Local     Humboldt Inventariado 2017 Bogotá Bogotá 03/09/2008 1 IAVH-01054 026351 09/08/2024 23/11/2017 Ej. 1 04/12/2012   Informe Técnico